000 00281nam a22001097a 4500
008 160622b xxu||||| |||| 00| 0 eng d
100 _9344
_aThe World Book Encylopedia
245 _aThe World Book
260 _aLON
_bWorld Book Inc.
_c1993
300 _aThe World Book
942 _2ddc
_cBK
999 _c276
_d276